[Event "Euwe Memorial"]
[Site "Amsterdam NED"]
[Date "1995.??.??"]
[Round "2"]
[White "Lautier, Joel"]
[Black "Topalov, Veselin"]
[Result "1/2-1/2"]
[WhiteElo "2655"]
[BlackElo "2630"]
[EventDate "1995.05.??"]

1.c4 c5 2.g3 Cc6 3.Fg2 g6 4.Cc3 Fg7 5.a3 d6 6.Tb1 h5 7.h3 Ch6 8.e3 e5 9.d3
f5 10.Cd5 Fe6 11.b4 cxb4 12.axb4 Ce7 13.Da4+ Rf7 14.e4 Cxd5 15.exd5 Fd7 
16.Db3 Ff6 17.Cf3 Rg7 18.h4 Cf7 19.Fe3 De7 20.c5 f4 21.cxd6 Cxd6 22.Fc5 e4
23.dxe4 Dxe4+ 24.Rf1 Fa4 25.Cd2 Fxb3 26.Cxe4 Fc4+ 27.Rg1 Cxe4 28.Fxe4 The8
29.f3 b6 30.Tc1 bxc5 31.Txc4 cxb4 32.Txb4 fxg3 33.Rg2 Fe5 34.Tb7+ Rh6 35.
Tc1 Tac8 36.Txc8 Txc8 37.Te7 Ff6 38.Te6 Rg7 39.Rxg3 Tc1 40.Ta6 Tg1+ 41.Rh2
1/2-1/2

[Event "Euwe Memorial"]
[Site "Amsterdam NED"]
[Date "1995.??.??"]
[Round "4"]
[White "Piket, Jeroen"]
[Black "Topalov, Veselin"]
[Result "1/2-1/2"]
[WhiteElo "2670"]
[BlackElo "2630"]
[EventDate "1995.05.??"]

1.d4 Cf6 2.c4 c5 3.d5 b5 4.cxb5 a6 5.bxa6 g6 6.Cc3 Fxa6 7.e4 Fxf1 8.Rxf1 
d6 9.g3 Fg7 10.Rg2 Cbd7 11.Cf3 O-O 12.Te1 Da5 13.h3 Tfb8 14.e5 dxe5 15.
Cxe5 Cxe5 16.Txe5 Tb7 17.d6 exd6 18.Dxd6 Tc8 19.Cd5 Cxd5 20.Dxd5 Da6 21.
Te4 c4 22.Ff4 Fxb2 23.Tae1 Db5 24.Te8+ Txe8 25.Dxb5 Txb5 26.Txe8+ Rg7 27.
Tc8 Tb4 28.Fd6 Ta4 29.a3 Rf6 30.Fb4 Fxa3 1/2-1/2

[Event "Euwe Memorial"]
[Site "Amsterdam NED"]
[Date "1995.??.??"]
[Round "6"]
[White "Topalov, Veselin"]
[Black "Lautier, Joel"]
[Result "1/2-1/2"]
[WhiteElo "2630"]
[BlackElo "2655"]
[EventDate "1995.05.??"]

1.e4 c5 2.Cf3 e6 3.d4 cxd4 4.Cxd4 Cc6 5.Cc3 Dc7 6.Fe3 a6 7.f3 b5 8.Dd2 Fb7
9.O-O-O Cxd4 10.Fxd4 Tc8 11.g4 d6 12.Rb1 Cf6 13.a3 Cd7 14.h4 Ce5 15.De3 
Cc4 16.Fxc4 Dxc4 17.Th2 e5 18.Fa7 Fe7 19.h5 h6 20.Db6 Dc7 21.Dxc7 Txc7 22.
Fb6 Tc6 23.Fa5 Fg5 24.a4 bxa4 25.Cxa4 Re7 26.b3 Tb8 27.Cc3 Fa8 28.Cd5+ Rd7
29.Fd2 f6 30.Rb2 Tf8 31.Ta1 Fb7 32.Fe3 Re6 33.Td2 Tf7 34.Td3 Fxe3 35.Cxe3 
Fc8 36.Tad1 Tfc7 37.c4 a5 38.Cf5 Td7 39.Ta1 Ta6 40.Rc3 Tc7 41.Td5 Tca7 42.
Tad1 Td7 43.Tb5 Tc7 44.Tb8 a4 45.bxa4 Txa4 46.Cxd6 Fd7 47.Tb6 Re7 48.Tdb1 
Fe6 49.Rb3 Tca7 50.Rc3 Tc7 51.T1b4 Ta3+ 52.Tb3 Ta4 53.Rb2 Fxc4 54.Tc3 Ta2+
55.Rc1 Ta1+ 56.Rd2 Td7 57.Txc4 1/2-1/2

[Event "Novgorod"]
[Site "Novgorod RUS"]
[Date "1995.??.??"]
[Round "1"]
[White "Ehlvest, Jaan"]
[Black "Topalov, Veselin"]
[Result "1/2-1/2"]
[WhiteElo "2615"]
[BlackElo "2630"]
[EventDate "1995.05.??"]

1.d4 Cf6 2.Cf3 e6 3.c4 c5 4.g3 cxd4 5.Cxd4 d5 6.Fg2 e5 7.Cf3 d4 8.O-O Cc6 
9.e3 Fc5 10.exd4 exd4 11.Te1+ Fe6 12.Cg5 O-O 13.Cxe6 fxe6 14.Cd2 Dd6 15.
Ce4 Cxe4 16.Fxe4 h6 17.Fd3 Tf6 18.a3 a5 19.De2 a4 20.Fd2 Fb6 21.Ff4 Dd7 
22.De4 g5 23.Fd2 Fa5 24.Tad1 Fxd2 25.Txd2 Ta5 26.f4 gxf4 27.gxf4 Rf8 28.
Tg2 Taf5 29.Tf1 Df7 30.Tgf2 Re7 31.Rh1 Rd8 32.Fc2 Rc7 33.Fxa4 e5 34.Fxc6 
bxc6 35.Tg1 Dxc4 36.Tc2 Db5 37.a4 Dxa4 38.fxe5 Tf4 39.Dg2 T6f5 40.b3 Db5 
41.Dg8 Tg5 42.Txg5 hxg5 43.Dxg5 Dd5+ 44.Rg1 d3 45.Txc6+ Rxc6 46.Dxf4 d2 
47.Da4+ Rb7 48.Db4+ Rc8 49.Dg4+ Rc7 1/2-1/2

[Event "Novgorod"]
[Site "Novgorod RUS"]
[Date "1995.??.??"]
[Round "2"]
[White "Topalov, Veselin"]
[Black "Jussupow, Artur"]
[Result "1-0"]
[WhiteElo "2630"]
[BlackElo "2660"]
[EventDate "1995.05.??"]

1.e4 e5 2.Cf3 Cc6 3.Fb5 a6 4.Fa4 d6 5.c3 Fd7 6.d4 Cge7 7.Fe3 Cg6 8.h4 h5 
9.g3 Fe7 10.d5 Cb8 11.Fxd7+ Cxd7 12.Cfd2 Cf6 13.f3 O-O 14.c4 c5 15.Cc3 Dd7
16.a4 a5 17.De2 Rh7 18.O-O-O Th8 19.Cf1 Rg8 20.Fd2 Ce8 21.Ce3 Cf8 22.b3 g6
23.f4 Ff6 24.Tdf1 De7 25.f5 Cg7 26.Cb5 b6 27.fxg6 fxg6 28.g4 Fxh4 29.Cxd6 
Dxd6 30.Txh4 Cd7 31.gxh5 Txh5 32.Txh5 Cxh5 33.Cf5 1-0

[Event "Novgorod"]
[Site "Novgorod RUS"]
[Date "1995.??.??"]
[Round "3"]
[White "Short, Nigel D"]
[Black "Topalov, Veselin"]
[Result "1/2-1/2"]
[WhiteElo "2655"]
[BlackElo "2630"]
[EventDate "1995.05.??"]

1.e4 c5 2.c3 d5 3.exd5 Dxd5 4.d4 Cf6 5.Cf3 Fg4 6.Fe2 e6 7.h3 Fh5 8.O-O Cc6
9.a3 Fe7 10.c4 Dd8 11.dxc5 Dxd1 12.Txd1 a5 13.Fe3 Ce4 14.Cc3 Cxc3 15.bxc3 
Fg6 16.Cd4 O-O-O 17.Cxc6 bxc6 18.Ff3 Ff6 19.Tac1 Txd1+ 20.Txd1 Td8 21.
Txd8+ Rxd8 22.Fxc6 Fxc3 23.Fb5 e5 24.f3 Rc8 25.Rf2 Fb2 26.a4 Fd4 27.Fxd4 
exd4 28.Re2 Rc7 29.Fe8 Fb1 30.h4 f6 31.Rd2 h6 32.h5 d3 33.Fb5 1/2-1/2

[Event "Novgorod"]
[Site "Novgorod RUS"]
[Date "1995.??.??"]
[Round "6"]
[White "Topalov, Veselin"]
[Black "Vaganian, Rafael A"]
[Result "1-0"]
[WhiteElo "2630"]
[BlackElo "2640"]
[EventDate "1995.05.??"]

1.e4 e6 2.d4 d5 3.Cc3 dxe4 4.Cxe4 Cd7 5.Cf3 Cgf6 6.Cxf6+ Cxf6 7.Fd3 b6 8.
De2 Fb7 9.Fg5 Fe7 10.O-O-O Dd6 11.Ce5 O-O 12.Rb1 Tad8 13.c4 h6 14.Ff4 Dxd4
15.Fh7+ Rxh7 16.Txd4 Txd4 17.Fe3 Te4 18.Cf3 Td8 19.h3 Rg8 20.b3 a5 21.Td1 
Txd1+ 22.Dxd1 b5 23.Cd2 Th4 24.f3 Th5 25.Df1 bxc4 26.bxc4 a4 27.Ff4 Tc5 
28.Dd3 Tc6 29.a3 Fa6 30.Fe5 Fd6 31.Fb2 Tb6 32.Dc3 Ff8 33.Ra2 Cd7 34.Da5 
Cc5 35.Fd4 Cb3 36.Cxb3 axb3+ 37.Rb2 Tc6 38.c5 Fc4 39.Da8 Ta6 40.Dd8 Fd5 
41.Dxc7 f6 42.Dd7 Tc6 43.De8 Ta6 44.a4 Ta8 45.Db5 Td8 46.a5 Fa8 47.Fc3 Rf7
48.a6 Td5 49.Db8 1-0

[Event "Novgorod"]
[Site "Novgorod RUS"]
[Date "1995.??.??"]
[Round "7"]
[White "Gulko, Boris F"]
[Black "Topalov, Veselin"]
[Result "1/2-1/2"]
[WhiteElo "2595"]
[BlackElo "2630"]
[EventDate "1995.05.??"]

1.c4 c5 2.Cf3 Cf6 3.Cc3 Cc6 4.g3 d5 5.d4 cxd4 6.Cxd4 dxc4 7.Cxc6 Dxd1+ 8.
Cxd1 bxc6 9.Fg2 Cd5 10.Ce3 e6 11.Cxc4 Fa6 12.b3 Fb4+ 13.Fd2 Fxd2+ 14.Cxd2 
Cb4 15.Fe4 Re7 16.a3 Cd5 17.Tc1 Thc8 18.f4 c5 19.Rf2 Tab8 20.Tc2 Cf6 21.
Ff3 Td8 22.Thc1 Fb7 23.Re3 Fxf3 24.exf3 Cd7 25.Tc3 Tb5 26.Re2 h5 27.a4 Tb4
28.Cc4 h4 29.Ca5 Tc8 30.Tc4 Txc4 31.Txc4 hxg3 32.hxg3 a6 33.Tc1 Th8 
1/2-1/2

[Event "It"]
[Site "Elenite"]
[Date "1995.??.??"]
[Round "1"]
[White "Topalov, Veselin"]
[Black "Dolmatov, Sergey"]
[Result "1/2-1/2"]
[WhiteElo "2670"]
[BlackElo "2615"]
[EventDate "1995.09.??"]

1.d4 Cf6 2.c4 g6 3.Cc3 Fg7 4.e4 d6 5.f4 O-O 6.Cf3 c5 7.dxc5 Da5 8.Fd3 Dxc5
9.De2 Fg4 10.Fe3 Da5 11.O-O Cc6 12.Tac1 Cd7 13.Df2 Fxf3 14.gxf3 Cc5 15.Fb1
Ca4 16.Cxa4 Dxa4 17.Tfd1 Tac8 18.b3 Da5 19.Td5 Dc7 20.Tcd1 b6 21.a3 Tfd8 
22.h4 e6 23.Tg5 De7 24.h5 Df6 25.hxg6 fxg6 26.f5 Fh6 27.Tg2 Fxe3 28.Dxe3 
Tc7 29.fxg6 hxg6 30.e5 dxe5 31.Txd8+ Dxd8 32.Txg6+ Tg7 33.Dh6 Df6 34.Rf2 
Txg6 35.Fxg6 Cd4 36.Fh7+ Rf7 37.Dxf6+ Rxf6 38.b4 Re7 39.Re3 Rd6 40.Fe4 
Cf5+ 41.Rd3 Cd4 42.a4 Cb3 43.Rc3 Cd4 44.a5 bxa5 45.c5+ Rd7 46.bxa5 Cb5+ 
47.Rd3 Cc7 48.Fb7 Re7 49.Fc6 Ca6 50.Rc4 Cc7 51.Fa4 Rd8 52.Fc2 Re7 53.Fd3 
Rd7 54.Fc2 Re7 55.Fe4 Rd7 56.Fb7 Re7 57.Rd3 Rf6 58.Re4 Cb5 59.Fa6 Cc7 60.
Fc4 Ce8 61.Ff1 Cc7 62.Fe2 Ce8 63.f4 exf4 64.Rxf4 Cc7 65.Fc4 Re7 66.Re5 Rd7
67.Fd3 Rc6 68.Rd4 e5+ 69.Rc4 Rb7 70.Fe4+ Rb8 71.c6 Ca8 72.Rd5 Cc7+ 73.Rc5 
Ca8 74.Rd6 Cc7 75.Rd7 Ca8 1/2-1/2

[Event "It"]
[Site "Elenite"]
[Date "1995.??.??"]
[Round "2"]
[White "Azmaiparashvili, Zurab"]
[Black "Topalov, Veselin"]
[Result "1/2-1/2"]
[WhiteElo "2620"]
[BlackElo "2670"]
[EventDate "1995.09.??"]

1.e4 c5 2.c3 d6 3.d4 Cf6 4.dxc5 Cc6 5.Fc4 Cxe4 6.Fxf7+ Rxf7 7.Dd5+ e6 8.
Dxe4 d5 9.Df3+ Df6 10.Fe3 b6 11.cxb6 axb6 12.Fd4 Cxd4 13.cxd4 Ta4 14.Dxf6+
gxf6 15.Ce2 Fb4+ 16.Cbc3 Fxc3+ 17.bxc3 Fa6 18.Rd2 Fxe2 19.Rxe2 Tha8 20.
Thb1 Txa2+ 21.Txa2 Txa2+ 22.Re3 Tc2 23.Txb6 Txc3+ 24.Rd2 Ta3 25.Td6 Ta2+ 
26.Re3 Ta1 27.Re2 Th1 28.h3 h5 29.Td7+ Rg6 30.Te7 Rf5 31.g4+ hxg4 1/2-1/2

[Event "It"]
[Site "Elenite"]
[Date "1995.??.??"]
[Round "3"]
[White "Topalov, Veselin"]
[Black "Kolev, Atanas"]
[Result "1-0"]
[WhiteElo "2670"]
[BlackElo "2500"]
[EventDate "1995.09.??"]

1.e4 c5 2.Cf3 d6 3.d4 cxd4 4.Cxd4 Cf6 5.Cc3 a6 6.Fe3 e6 7.g4 h6 8.f4 Cc6 
9.Df3 Cxd4 10.Fxd4 e5 11.fxe5 dxe5 12.Fxe5 Cxg4 13.Fg3 Fb4 14.a3 Fxc3+ 15.
Dxc3 O-O 16.Fd3 Dg5 17.Dd2 Ce5 18.Dxg5 Cxd3+ 19.cxd3 hxg5 20.Rd2 Fd7 21.
Tac1 Tac8 22.d4 Tfe8 23.Txc8 Txc8 24.d5 f6 25.Te1 Td8 26.Rc3 Fh3 27.Rd4 
Fg2 28.Fc7 Td7 29.d6 Rf7 30.Te3 Re6 31.e5 f5 32.Tg3 Fc6 33.Txg5 f4 34.h4 
f3 35.Re3 Tf7 36.Rf2 Fd7 37.Fa5 Rd5 38.Fc3 Fe6 39.h5 Rc6 40.Tg1 Rd7 41.Fd4
Fd5 42.Tg6 Fe6 43.Tg5 Fd5 44.e6+ Rxe6 45.Fxg7 Rxd6 46.Txd5+ Rxd5 47.h6 Re4
48.h7 Txg7 49.h8=D Tg2+ 50.Rf1 b5 51.Da8+ Re3 52.Da7+ Rd3 53.Dxa6 Txb2 54.
a4 1-0

[Event "It"]
[Site "Elenite"]
[Date "1995.??.??"]
[Round "4"]
[White "Alterman, Boris"]
[Black "Topalov, Veselin"]
[Result "1-0"]
[WhiteElo "2595"]
[BlackElo "2670"]
[EventDate "1995.09.??"]

1.c4 e5 2.Cc3 Cc6 3.Cf3 Fb4 4.d3 Fxc3+ 5.bxc3 d6 6.Tb1 Cge7 7.e3 O-O 8.Fe2
b6 9.Cd2 Fe6 10.O-O Dd7 11.d4 Ca5 12.Tb2 f5 13.d5 Ff7 14.f4 e4 15.Cb3 Cb7 
16.Td2 Tac8 17.g4 c6 18.dxc6 Dxc6 19.Td4 fxg4 20.f5 Tce8 21.Fa3 Dc8 22.
Fxg4 h5 23.Fh3 Cc6 24.Td2 Fxc4 25.Tf4 Tf6 26.Tg2 Ff7 27.De1 Fxb3 28.axb3 
Ce5 29.Dg3 Te7 30.c4 Cc5 31.Rh1 Da6 32.Fb2 Ccd3 33.Fxe5 dxe5 34.Tf1 b5 35.
Dh4 bxc4 36.bxc4 Cc5 37.Tfg1 Tef7 38.Tg5 Da2 39.Dg3 Rf8 40.Txg7 Cd3 41.
Txf7+ Txf7 42.Dg8+ Re7 43.f6+ Rd6 44.Db8+ Rc6 45.Dc8+ Rb6 46.Tf1 Cf2+ 47.
Rg1 Cxh3+ 48.Dxh3 Dxc4 49.Df5 a5 50.Dxe5 Dc6 51.Tf5 Dc1+ 52.Rg2 Dd2+ 53.
Rh3 Dxe3+ 54.Rh4 Tc7 55.f7 1-0

[Event "It"]
[Site "Elenite"]
[Date "1995.??.??"]
[Round "5"]
[White "Topalov, Veselin"]
[Black "Short, Nigel D"]
[Result "1-0"]
[WhiteElo "2670"]
[BlackElo "2645"]
[EventDate "1995.09.??"]

1.e4 e5 2.Cf3 Cc6 3.Fb5 a6 4.Fa4 Cf6 5.O-O Fe7 6.Te1 b5 7.Fb3 O-O 8.h3 Fb7
9.d3 Te8 10.c3 Ff8 11.Fg5 h6 12.Fh4 d6 13.Cbd2 g6 14.Cf1 Fg7 15.Dd2 De7 
16.Ce3 Df8 17.a4 Ce7 18.Fxf6 Fxf6 19.Cg4 Fg7 20.axb5 axb5 21.Txa8 Fxa8 22.
d4 Cc8 23.Dd3 exd4 24.Cxd4 h5 25.Ch2 d5 26.Cxb5 Dc5 27.Ta1 Cb6 28.exd5 
Fxd5 29.Fxd5 Cxd5 30.Cf3 Tb8 31.Cbd4 Txb2 32.Ta8+ Ff8 33.Ce5 Dxc3 34.Dxc3 
Cxc3 35.Cd7 Rg7 36.Cxf8 Td2 37.Cb3 Td5 38.Rh2 h4 39.Te8 Cb5 40.Tc8 Cd4 41.
Cd2 c5 42.Ce4 Cb3 43.Ch7 Cd2 1-0

[Event "It"]
[Site "Elenite"]
[Date "1995.??.??"]
[Round "6"]
[White "Tukmakov, Vladimir B"]
[Black "Topalov, Veselin"]
[Result "0-1"]
[WhiteElo "2600"]
[BlackElo "2670"]
[EventDate "1995.09.??"]

1.d4 Cf6 2.Cf3 g6 3.c4 Fg7 4.g3 d5 5.cxd5 Cxd5 6.Fg2 O-O 7.O-O Cc6 8.Cc3 
Cb6 9.d5 Ca5 10.Dc2 Cxd5 11.Td1 c6 12.Ce1 Fd7 13.Cxd5 cxd5 14.Txd5 e6 15.
Td3 Tc8 16.Dd1 Tc7 17.Ff4 e5 18.Fg5 De8 19.Tc1 Txc1 20.Fxc1 Ff5 21.e4 Fe6 
22.b3 Db5 23.Fa3 Te8 24.Td8 Ff6 25.Dd3 Dc6 26.Txe8+ Dxe8 27.Cc2 Fe7 28.Fc1
Dc8 29.Fe3 b6 30.Ff1 h5 31.h4 Dc7 32.Rh2 f6 33.Fd2 Dc5 34.Ce3 Cc6 35.Fh3 
Ff7 36.Dd7 Rg7 37.Rg2 Dd6 38.Cd5 f5 39.Dxd6 Fxd6 40.Rf1 Fxd5 41.exd5 Ce7 
42.Fg2 e4 43.f3 exf3 44.Fxf3 Fxg3 45.Fg5 Cc8 46.Re2 Cd6 47.Rd3 Cf7 48.Fe7 
Ce5+ 49.Re3 Cxf3 50.Rxf3 Fe5 51.Fb4 Rf7 52.a4 a6 53.Fd2 Re7 54.Fe3 b5 55.
axb5 axb5 56.Fc5+ Rd7 57.Fb4 Ff6 58.Rg3 f4+ 59.Rxf4 Fxh4 60.Re4 Fe7 61.Fd2
g5 62.Rf5 g4 63.Rf4 Fd6+ 64.Rg5 g3 65.Fe3 Fe5 66.Rxh5 g2 67.Fg1 Rd6 0-1

[Event "It"]
[Site "Elenite"]
[Date "1995.??.??"]
[Round "7"]
[White "Topalov, Veselin"]
[Black "Gulko, Boris F"]
[Result "1/2-1/2"]
[WhiteElo "2670"]
[BlackElo "2620"]
[EventDate "1995.09.??"]

1.e4 c6 2.d4 d5 3.exd5 cxd5 4.c4 Cf6 5.Cc3 Cc6 6.Fg5 e6 7.c5 Fd7 8.Fb5 b6 
9.Fxc6 Fxc6 10.b4 bxc5 11.bxc5 Da5 12.Fd2 Da6 13.Cf3 Cd7 14.De2 Dxe2+ 15.
Rxe2 Fe7 16.Fe3 f6 17.Ce1 O-O 18.Cd3 Tab8 19.Tab1 a5 20.f4 g5 21.fxg5 fxg5
22.Txb8 Txb8 23.Tf1 Ff6 24.g4 Rg7 25.h3 Te8 26.Rd1 Rg6 27.Rc1 h5 28.gxh5+ 
Rxh5 29.Rd2 Rg6 30.Tg1 Th8 31.Tg3 Th4 32.Cf4+ Rf5 33.Cg2 Txd4+ 34.Fxd4 
Fxd4 35.h4 gxh4 36.Cxh4+ Rf6 37.Tg8 Cxc5 38.Cf3 Fxc3+ 39.Rxc3 e5 40.Tc8 
Ce4+ 41.Rb2 Fd7 42.Ta8 1/2-1/2

[Event "It"]
[Site "Elenite"]
[Date "1995.??.??"]
[Round "8"]
[White "Georgiev, Kiril"]
[Black "Topalov, Veselin"]
[Result "1/2-1/2"]
[WhiteElo "2605"]
[BlackElo "2670"]
[EventDate "1995.09.??"]

1.Cf3 Cf6 2.c4 g6 3.g3 Fg7 4.Fg2 O-O 5.O-O d5 6.d4 Cc6 7.Cbd2 a5 8.b3 Ce4 
9.Fb2 Fe6 10.e3 f5 11.De2 Ff7 12.cxd5 Fxd5 13.Cxe4 Fxe4 14.a3 Dd5 15.Dc4 
e6 16.Ce1 Fxg2 17.Cxg2 g5 18.Tac1 Tfd8 19.Tfd1 Ta6 20.Fa1 Tb6 21.Tb1 e5 
22.Dc2 e4 23.Dc4 Td7 24.Fc3 Ta6 25.De2 h6 26.b4 axb4 27.Fxb4 Cxb4 28.axb4 
Ff8 29.b5 Ta2 30.Td2 Txd2 31.Dxd2 Dc4 32.Dd1 Rg7 33.h3 Dd5 34.De2 Fd6 35.
Ta1 Td8 36.Db2 b6 37.De2 Ta8 38.Ta6 Th8 39.Ta7 Rf6 40.Rh2 Db3 41.Ta1 Dc3 
42.Da2 Tf8 43.Td1 Re7 44.Rg1 Da3 45.Dd5 Db2 46.Tf1 De2 47.Tc1 Tf7 48.Ta1 
Dh5 49.Rh2 Df3 50.Rg1 Rf6 51.Ta8 Rg7 52.Ta1 Dh5 53.Rh2 De2 54.Rg1 Tf8 55.
Ta7 Dd1+ 56.Rh2 Tf7 57.Ta2 Df1 58.h4 Tf8 59.Ta7 Tf6 60.Ta8 Tf7 61.Th8 Dxf2
62.Th7+ Rxh7 63.Dxf7+ Rh8 64.Df6+ Rh7 65.Df7+ Rh8 1/2-1/2

[Event "It"]
[Site "Elenite"]
[Date "1995.??.??"]
[Round "9"]
[White "Topalov, Veselin"]
[Black "Miladinovic, Igor"]
[Result "1-0"]
[WhiteElo "2670"]
[BlackElo "2555"]
[EventDate "1995.09.??"]

1.e4 c5 2.Cf3 Cc6 3.d4 cxd4 4.Cxd4 Dc7 5.Cc3 e6 6.Fe3 a6 7.Fd3 Cf6 8.O-O 
h5 9.h3 b5 10.Cxc6 Dxc6 11.a3 Fb7 12.Te1 Fd6 13.Fd4 e5 14.Fe3 b4 15.axb4 
Fxb4 16.Fd2 O-O 17.Df3 Tfe8 18.Tad1 Fxc3 19.Fxc3 De6 20.b3 Tac8 21.Fb2 h4 
22.De3 Ch5 23.Dg5 Cf4 24.Fc4 Txc4 25.bxc4 Fc6 26.c5 Cg6 27.De3 a5 28.Dc3 
a4 29.Td6 De7 30.Fc1 Ta8 31.f3 Rh7 32.Fe3 De8 33.Ta1 Tb8 34.Tdd1 De6 35.
Rh2 f6 36.Tdb1 Ta8 37.Tb4 Df7 38.De1 f5 39.exf5 Dxf5 40.Dc3 Te8 41.Tg4 Te6
42.Tb1 Te8 43.Tbb4 e4 44.f4 Df7 45.Fd4 Fd5 46.f5 Dxf5 47.Txa4 Fc6 48.Tb4 
e3 49.Fxe3 Dd5 50.Tg5 Te5 51.Tbg4 1-0

[Event "Investbanka"]
[Site "Belgrade SCG"]
[Date "1995.??.??"]
[Round "1"]
[White "Topalov, Veselin"]
[Black "Beliavsky, Alexander G"]
[Result "1-0"]
[WhiteElo "2670"]
[BlackElo "2650"]
[EventDate "1995.11.??"]

1.e4 e5 2.Cf3 Cc6 3.Fb5 a6 4.Fa4 Cf6 5.O-O Fe7 6.Te1 b5 7.Fb3 d6 8.c3 O-O 
9.h3 Cd7 10.d4 Ff6 11.a4 Fb7 12.Ca3 Cb6 13.d5 Ca5 14.axb5 axb5 15.Fe3 Cbc4
16.Fxc4 bxc4 17.Cd2 c6 18.Caxc4 Cxc4 19.Txa8 Fxa8 20.Cxc4 cxd5 21.exd5 Fe7
22.Dd2 f5 23.f4 Dc7 24.b3 Ff6 25.fxe5 dxe5 26.Fb6 Db7 27.d6 f4 28.Tf1 Dd7 
29.Fc7 Db5 30.Cb6 Fb7 31.b4 f3 32.c4 De8 33.Cd5 Fh4 34.d7 Dg6 35.b5 Rh8 
36.Ce3 Fg5 37.Tf2 De4 38.Txf3 Db1+ 39.Cf1 Fxf3 40.Dxg5 Fe2 1-0

[Event "Investbanka"]
[Site "Belgrade SCG"]
[Date "1995.??.??"]
[Round "3"]
[White "Leko, Peter"]
[Black "Topalov, Veselin"]
[Result "1-0"]
[WhiteElo "2605"]
[BlackElo "2670"]
[EventDate "1995.11.??"]

1.e4 c5 2.Cf3 d6 3.d4 cxd4 4.Cxd4 Cf6 5.Cc3 a6 6.f4 Cbd7 7.Fe2 g6 8.O-O 
Fg7 9.a4 O-O 10.Ff3 e5 11.fxe5 Cxe5 12.Rh1 h6 13.Ff4 Fd7 14.Fe2 Tc8 15.Dd2
Rh7 16.Tad1 Fg4 17.Fxg4 Cfxg4 18.Cd5 Cc4 19.De2 Cge5 20.b3 Cb6 21.Cf3 Cxd5
22.Txd5 Dc7 23.c4 Tfe8 24.Tfd1 Db6 25.Fxe5 dxe5 26.Dd3 Te7 27.Td6 Dc5 28.
h3 Tb8 29.Dc3 Tc8 30.T6d5 Dc6 31.Db4 De8 32.Db6 f5 33.Te1 Df7 34.exf5 Dxf5
35.Cd2 Tf8 36.Ce4 Dh5 37.Rg1 Tf4 38.De3 Df5 39.b4 De6 40.b5 axb5 41.axb5 
Tef7 42.Dd3 Db6+ 43.c5 Da5 44.De2 Db4 45.Rh2 Te7 46.Tdd1 Da4 47.Ta1 Dd4 
48.Tad1 Db4 49.Tb1 Dd4 50.Tbc1 Tc7 51.Tc4 Dd7 52.Tb1 Ff8 53.Rh1 Tc8 54.Dc2
Tf7 55.c6 bxc6 56.Txc6 Txc6 57.bxc6 Da7 58.Dc4 1-0

[Event "Investbanka"]
[Site "Belgrade SCG"]
[Date "1995.??.??"]
[Round "4"]
[White "Topalov, Veselin"]
[Black "Lautier, Joel"]
[Result "0-1"]
[WhiteElo "2670"]
[BlackElo "2645"]
[EventDate "1995.11.??"]

1.e4 c5 2.Cf3 d6 3.d4 cxd4 4.Cxd4 Cf6 5.Cc3 a6 6.Fe3 e5 7.Cb3 Fe6 8.f3 
Cbd7 9.g4 h6 10.Dd2 Fe7 11.O-O-O b5 12.Rb1 Cb6 13.Df2 Tb8 14.Cc5 b4 15.
C3a4 Cxa4 16.Cxa4 Dc7 17.b3 d5 18.exd5 Cxd5 19.Fc1 Cc3+ 20.Cxc3 bxc3 21.f4
a5 22.f5 Fd7 23.Fd3 a4 24.De2 Fg5 25.The1 f6 26.Fa3 Da5 27.Fd6 Tc8 28.a3 
axb3 29.cxb3 Fd2 30.Fc2 Fb5 31.Df3 Fc6 32.Dh3 Fd5 33.Fb4 Dc7 34.Te2 Rf7 
35.Dh5+ Rg8 36.Tdxd2 cxd2 37.Txd2 Dc6 38.Rb2 Ff7 39.Dh3 h5 40.g5 fxg5 41.
De3 g4 42.Fc3 Te8 43.Fe4 Db5 44.Fb4 Th6 45.Dc5 Df1 46.Tf2 Dd1 47.Fc2 Dh1 
48.De3 Tc8 49.Fc3 Thc6 50.Fxe5 Te8 51.Dd4 De1 52.Ff4 Tec8 53.Td2 Tc3 54.
Fe5 Tf3 55.Fg3 Df1 56.Fd1 Txf5 57.Dd7 Te8 58.Fc2 Tf3 59.Fd3 Dg1 60.Fc4 De3
61.Fxf7+ Txf7 62.Dd5 Te6 63.a4 Tf5 64.Dd8+ Rh7 65.Tc2 De4 66.Dd7 Td5 67.
Df7 Dd4+ 68.Ra3 Tf6 69.Dc7 Tf3 70.Dc6 Dd1 71.Dc4 Td4 72.Dc6 Tdd3 73.De4+ 
Rg8 74.Tc8+ Td8 75.De6+ Rh8 76.Txd8+ Dxd8 77.Fe5 Df8+ 78.Fd6 Tf6 79.Fxf8 
Txe6 80.Fc5 h4 81.Ff2 g3 82.Fxg3 hxg3 83.hxg3 Tg6 84.a5 Txg3 85.Ra4 Tg1 
86.b4 g5 87.b5 g4 88.b6 Tb1 0-1

[Event "Investbanka"]
[Site "Belgrade SCG"]
[Date "1995.??.??"]
[Round "5"]
[White "Ljubojevic, Ljubomir"]
[Black "Topalov, Veselin"]
[Result "0-1"]
[WhiteElo "2600"]
[BlackElo "2670"]
[EventDate "1995.11.??"]

1.d4 Cf6 2.c4 g6 3.Cc3 Fg7 4.e4 d6 5.Fe2 O-O 6.Cf3 e5 7.Fe3 Cg4 8.Fg5 f6 
9.Fc1 Cc6 10.h3 exd4 11.Cxd4 Cge5 12.Cxc6 Cxc6 13.O-O f5 14.exf5 Fxf5 15.
Fe3 Df6 16.Dd2 Cd4 17.Fg4 c5 18.Cd5 Df7 19.Fxd4 Fxd4 20.Fxf5 gxf5 21.Tae1 
Tae8 22.b3 Te5 23.g3 Tfe8 24.Rg2 b5 25.Dg5+ Rh8 26.Txe5 dxe5 27.Ce3 f4 28.
Df5 Dg7 29.Dh5 Tf8 30.Cf5 Df6 31.g4 bxc4 32.bxc4 e4 33.Te1 e3 34.fxe3 fxe3
35.Dh6 Dxh6 36.Cxh6 Tf2+ 37.Rg3 Fe5+ 38.Rh4 e2 39.Cf5 Fc3 40.Tb1 Txf5 41.
gxf5 0-1

[Event "Investbanka"]
[Site "Belgrade SCG"]
[Date "1995.??.??"]
[Round "8"]
[White "Topalov, Veselin"]
[Black "Gelfand, Boris"]
[Result "1/2-1/2"]
[WhiteElo "2670"]
[BlackElo "2685"]
[EventDate "1995.11.??"]

1.d4 d5 2.c4 c6 3.Cc3 Cf6 4.Cf3 dxc4 5.a4 Ff5 6.e3 e6 7.Fxc4 Fb4 8.O-O 
Cbd7 9.Ch4 Fg6 10.h3 Fh5 11.g4 Cd5 12.Cg2 Fg6 13.Ca2 Fe7 14.De2 C5b6 15.
Fb3 c5 16.Cc3 O-O 17.a5 cxd4 18.exd4 Cc8 19.Cf4 Cd6 20.Cxg6 hxg6 21.Ff4 
Ce8 22.Df3 Fd6 23.Fe3 Cdf6 24.g5 Ch5 25.Tfd1 Cc7 26.Fc2 f5 27.h4 b5 28.
axb6 axb6 29.Txa8 Dxa8 30.Dxa8 Txa8 31.d5 Cxd5 32.Cxd5 exd5 33.Fb3 Rf8 34.
Fxd5 Ta4 35.Fxb6 Txh4 36.Fc6 Fe7 37.Ta1 Cf4 38.Ta8+ Rf7 39.Fe8+ Re6 40.Ta6
Rd5 41.Ff7+ Re4 42.Fe3 1/2-1/2

[Event "Investbanka"]
[Site "Belgrade SCG"]
[Date "1995.??.??"]
[Round "10"]
[White "Topalov, Veselin"]
[Black "Adams, Michael"]
[Result "1/2-1/2"]
[WhiteElo "2670"]
[BlackElo "2660"]
[EventDate "1995.11.??"]

1.e4 c6 2.d4 d5 3.Cc3 dxe4 4.Cxe4 Cd7 5.Fc4 Cgf6 6.Cg5 e6 7.De2 Cb6 8.Fd3 
h6 9.C5f3 c5 10.dxc5 Fxc5 11.Ce5 Cbd7 12.Cgf3 Dc7 13.Ff4 Fb4+ 14.Cd2 Fxd2+
15.Rxd2 O-O 16.Thd1 Cd5 17.Fg3 Cxe5 18.Fxe5 Da5+ 19.Rc1 f6 20.Fg3 Fd7 21.
c4 Cb4 22.Fb1 Fa4 23.Td2 Tad8 24.Fd6 Tfe8 25.h4 Cd5 26.c5 f5 27.a3 Fb5 28.
De5 Fc4 29.g4 Fb3 30.a4 Da6 31.Fd3 Fc4 32.Fc2 Cb4 1/2-1/2

[Event "Investbanka"]
[Site "Belgrade SCG"]
[Date "1995.??.??"]
[Round "11"]
[White "Miladinovic, Igor"]
[Black "Topalov, Veselin"]
[Result "0-1"]
[WhiteElo "2555"]
[BlackElo "2670"]
[EventDate "1995.11.??"]

1.d4 Cf6 2.Fg5 e6 3.c3 h6 4.Fh4 b6 5.Cd2 Fb7 6.Cgf3 d6 7.Fxf6 Dxf6 8.e4 
Cd7 9.a4 a6 10.Fd3 g6 11.a5 b5 12.c4 bxc4 13.Cxc4 De7 14.O-O Fg7 15.Tc1 
O-O 16.Te1 Tfb8 17.Dc2 Ta7 18.Da4 Fa8 19.Da3 Dd8 20.Fc2 Ff8 21.De3 Tab7 
22.h4 Tb4 23.b3 Fg7 24.Dd2 T4b5 25.Ca3 T5b7 26.Dd3 Ta7 27.De3 d5 28.exd5 
Fxd5 29.Cc4 Tb5 30.Fe4 Cf6 31.Fxd5 Cxd5 32.De4 Df6 33.Cce5 Df5 34.Cc6 Dxe4
35.Txe4 Ta8 36.Cd2 Rf8 37.Tc5 Re8 38.Txb5 axb5 39.Te1 Ff8 40.Ce4 f6 41.g4 
Ta6 42.Tc1 f5 43.gxf5 gxf5 44.Cd2 Cb4 45.Cxb4 Fxb4 46.Cf3 Fxa5 47.Ta1 Ta7 
48.h5 Rd7 49.Rh2 Rd6 50.Tg1 c6 51.Tg6 Th7 52.Rg3 Rd5 53.Rf4 Fc7+ 54.Re3 
Fb6 55.Rd3 c5 56.dxc5 Fxc5 57.Re2 Ta7 58.Txh6 Ta2+ 59.Rd1 Txf2 60.Ch4 Th2 
61.Cf3 Th1+ 62.Re2 e5 63.Th8 e4 64.Td8+ Re6 65.Cg5+ Rf6 66.Ch7+ Re5 67.
Te8+ Rf4 68.Cf6 Th2+ 69.Rd1 Fd4 70.Cd5+ 0-1

[Event "?"]
[Site "Madrid ESP"]
[Date "1996.??.??"]
[Round "7"]
[White "Topalov, Veselin"]
[Black "Azmaiparashvili, Zurab"]
[Result "1/2-1/2"]
[WhiteElo "2700"]
[BlackElo "2620"]
[EventDate "1996.??.??"]

1.e4 e5 2.Cf3 Cc6 3.Fb5 a6 4.Fa4 d6 5.c3 Fd7 6.d4 g6 7.O-O Fg7 8.Fe3 Cf6 
9.Cbd2 O-O 10.dxe5 Cxe5 11.Cxe5 dxe5 12.f3 Fxa4 13.Dxa4 Dd3 14.Tfe1 Tfd8 
15.Db3 Db5 16.Cc4 Ce8 17.Tad1 Ff6 18.Ff2 Cg7 19.Ce3 Dxb3 20.axb3 Ce6 21.
Cg4 Fg7 22.Fh4 g5 23.Ff2 Cf4 24.g3 Cd3 25.Te2 Cxf2 26.Txd8+ Txd8 27.Rxf2 
f6 28.Ce3 Rf7 29.Tc2 Ff8 30.Re2 h5 31.Tc1 Fh6 32.Cf5 Rg6 33.Tf1 Td7 34.b4 
Rh7 35.Ce3 Rg6 36.Cd5 Rf7 37.h3 c6 38.Cb6 Td8 39.Cc4 Re6 40.Ca5 g4 41.Cb3 
h4 42.fxg4 hxg3 43.Cc5+ Re7 44.Cd3 b6 45.Tf3 c5 46.bxc5 bxc5 47.Rf1 a5 48.
Cxc5 Td1+ 49.Rg2 Ff4 50.b4 Td2+ 51.Rf1 Td1+ 52.Rg2 Td2+ 53.Rf1 Td1+ 54.Rg2
Td2+ 55.Rf1 1/2-1/2

[Event "Amsterdam VSB"]
[Site "Amsterdam NED"]
[Date "1996.??.??"]
[Round "2"]
[White "Anand, Viswanathan"]
[Black "Topalov, Veselin"]
[Result "0-1"]
[WhiteElo "2725"]
[BlackElo "2700"]
[EventDate "1996.03.??"]

1.e4 c5 2.Cf3 d6 3.d4 cxd4 4.Cxd4 Cf6 5.Cc3 a6 6.Fe2 e6 7.f4 Fe7 8.Fe3 Dc7
9.Ff3 Cc6 10.De2 Cxd4 11.Fxd4 e5 12.Fe3 b5 13.O-O-O O-O 14.g4 b4 15.Cd5 
Cxd5 16.exd5 exf4 17.Fxf4 a5 18.The1 Fh4 19.Tg1 a4 20.Dd2 Tb8 21.Rb1 Te8 
22.Tg2 Fd7 23.Te2 a3 24.Txe8+ Fxe8 25.g5 f6 26.Fe4 axb2 27.Dd3 g6 28.Da6 
Tb6 29.Da8 Tb8 30.Da6 Td8 31.Td4 f5 32.Fd3 De7 33.Fd2 Fe1 34.Fe2 Fxd2 35.
Txd2 Dxg5 36.Td1 De3 37.Fc4 f4 38.Fb3 f3 39.Dd3 De2 40.Fc4 Dxd3 41.Txd3 
Tc8 42.Fa6 Tc3 43.Rxb2 Fd7 44.Td4 Ff5 45.Txb4 Txc2+ 46.Rb3 Txh2 47.Tf4 f2 
48.a4 Fh3 49.a5 g5 50.Tf3 g4 51.Tf5 g3 0-1